Southville International School and Colleges
Your cart is empty.
  • Cart
  • Lists
    Public lists Eva Luna New books Lux_list list_1
    Your lists Log in to create your own lists
  • Log in to your account
  • Your cookies
  • Search history
Southville International School and Colleges
  • Advanced search
  • Recent comments
  • Most popular
  • Libraries

Log in to your account

Log in with GOOGLE


If you do not have an external account, but do have a local account, you can still log in:

  1. Home
  2. MARC view: Public relations :
Normal view MARC view ISBD view

Public relations : (Record no. 22301)

[ view plain ]
MARC details
000 -LEADER
fixed length control field 00560nam a2200193 a 4500
005 - DATE AND TIME OF LATEST TRANSACTION
control field 20140310183400.0
008 - FIXED-LENGTH DATA ELEMENTS--GENERAL INFORMATION
fixed length control field 130126s19uu xx 00 eng d
020 ## - INTERNATIONAL STANDARD BOOK NUMBER
International Standard Book Number 9780761948575
050 ## - LIBRARY OF CONGRESS CALL NUMBER
Classification number HM 263
Item number .P96m 2011
100 ## - MAIN ENTRY--PERSONAL NAME
Personal name Moss, Danny
245 ## - TITLE STATEMENT
Title Public relations :
Remainder of title a managerial perspective /
Statement of responsibility, etc by Barbara DeSanto, Danny Moss.
260 ## - PUBLICATION, DISTRIBUTION, ETC. (IMPRINT)
Place of publication, distribution, etc London, UK :
Name of publisher, distributor, etc SAGE,
Date of publication, distribution, etc 2011.
300 ## - PHYSICAL DESCRIPTION
Extent xvii, 494 p. :
Dimensions 23 cm.
521 ## - TARGET AUDIENCE NOTE
Target audience note
650 ## - SUBJECT ADDED ENTRY--TOPICAL TERM
Topical term or geographic name as entry element Public relations
General subdivision Management
700 ## - ADDED ENTRY--PERSONAL NAME
Personal name DeSanto, Barbara
942 ## - ADDED ENTRY ELEMENTS (KOHA)
Koha item type Books
Source of classification or shelving scheme Library of Congress Classification
Call number prefix Foreign
Holdings
Withdrawn status Lost status Source of classification or shelving scheme Damaged status Home library Current library Shelving location Date acquired Source of acquisition Total Checkouts Total Renewals Full call number Barcode Date last seen Date checked out Copy number Price effective from Koha item type
    Library of Congress Classification   College Library Southville International School Affiliated with Foreign Universities Library General Circulation Section 01/26/2013 Donation 1 1 HM 263 .P96m 2011 C16213 05/15/2018 08/11/2015 1 03/10/2014 Books

Public relations :

APA

Moss D., DeSanto B., . (2011). Public relations. London, UK: SAGE.

Chicago

Moss Danny, DeSanto Barbara, . 2011. Public relations. London, UK: SAGE.

Harvard

Moss D., DeSanto B., . (2011). Public relations. London, UK: SAGE.

MLA

Moss Danny, DeSanto Barbara, . Public relations. London, UK: SAGE. 2011.

  • Place hold
  • Print
  • Cite
  • Add to your cart (remove)
  • Save record
    BIBTEX Dublin Core MARCXML MARC (non-Unicode/MARC-8) MARC (Unicode/UTF-8) MARC (Unicode/UTF-8, Standard) MODS (XML) RIS
  • More searches
    Search for this title in:
    Other Libraries (WorldCat) Other Databases (Google Scholar) Online Stores (Bookfinder.com) Open Library (openlibrary.org)

Exporting to Dublin Core...

SOUTHVILLE LIBRARY

Southville International School and Colleges Library

1281 Tropical Ave. Cor. Luxembourg St., BF Homes International, Las Pinas City

Tel. No. 8256374 / 252358 Loc. 117/146

Powered by Koha